000 00891cab a2200253 4500
001 WB3242-55
008 090401t1996 xxu||||| |||| 00| 0 eng d
035 _a(Sirsi) u44883
041 _aeng
245 _aNew code of practice for estate agents
260 _c1996
350 _a0
490 _aEstates Gazette
_v(9644) 2 November 1996, 70(1)
520 _aThe NAEA and ISVA are to operate under a code of practice for residential estate agents from 1 January 1997. The RICS could introduce the code by April.
650 _aCODE OF PRACTICE
650 _aESTATE AGENTS
650 _aABOUT RICS-RELATED ORGANISATIONS-INCORPORATED SOCIETY OF VALUERS AND AUCTIONEERS
650 _aNATIONAL ASSOCIATION OF ESTATE AGENTS
650 _aRESIDENTIAL AGENTS
650 _aRICS
690 _aMANAGEMENT-BUSINESS MANAGEMENT-PROFESSIONAL PRACTICE
942 _n0
948 _c04/03/1997
999 _c28523
_d28523